Water Governance, Stakeholder Engagement, and Sustainable Water Resources Management. (Record no. 9656)

MARC details
000 -LEADER
fixed length control field 01440cam a2200373M 4500
001 - CONTROL NUMBER
control field on1097022946
003 - CONTROL NUMBER IDENTIFIER
control field OCoLC
005 - DATE AND TIME OF LATEST TRANSACTION
control field 20230807153534.0
006 - FIXED-LENGTH DATA ELEMENTS--ADDITIONAL MATERIAL CHARACTERISTICS
fixed length control field m o d
007 - PHYSICAL DESCRIPTION FIXED FIELD--GENERAL INFORMATION
fixed length control field cr |||||||||||
008 - FIXED-LENGTH DATA ELEMENTS--GENERAL INFORMATION
fixed length control field 171009s2017 xx o u000 0 eng d
020 ## - INTERNATIONAL STANDARD BOOK NUMBER
International Standard Book Number 9783038424468
029 1# - OTHER SYSTEM CONTROL NUMBER (OCLC)
OCLC library identifier AU@
System control number 000069219622
035 ## - SYSTEM CONTROL NUMBER
System control number (OCoLC)1097022946
Canceled/invalid control number (OCoLC)1048135621
-- (OCoLC)1371775231
040 ## - CATALOGING SOURCE
Original cataloging agency AU@
Language of cataloging eng
Transcribing agency AU@
Modifying agency AU@
-- OCLCQ
-- VT2
-- WYU
-- UKKNU
-- OCLCQ
-- SFB
082 ## - DEWEY DECIMAL CLASSIFICATION NUMBER
Classification number 363.6
245 00 - TITLE STATEMENT
Title Water Governance, Stakeholder Engagement, and Sustainable Water Resources Management.
260 ## - PUBLICATION, DISTRIBUTION, ETC.
Place of publication, distribution, etc. [Place of publication not identified]
Name of publisher, distributor, etc. MDPI AG - Multidisciplinary Digital Publishing Institute.
300 ## - PHYSICAL DESCRIPTION
Extent 1 online resource.
336 ## - CONTENT TYPE
Content type term text
Content type code txt
Source rdacontent.
337 ## - MEDIA TYPE
Media type term computer
Media type code c
Source rdamedia.
338 ## - CARRIER TYPE
Carrier type term online resource
Carrier type code cr
Source rdacarrier.
506 ## - RESTRICTIONS ON ACCESS NOTE
Terms governing access Access restricted to subscribing institutions.
520 ## - SUMMARY, ETC.
Summary, etc. Water Governance, Stakeholder Engagement, and Sustainable Water Resources Management.
546 ## - LANGUAGE NOTE
Language note English.
590 ## - LOCAL NOTE (RLIN)
Local note Open Access Publishing in European Networks
Provenance (VM) [OBSOLETE] Directory of Open Access Books.
653 ## - INDEX TERM--UNCONTROLLED
Uncontrolled term Sustainable Water Management.
Uncontrolled term Engagement.
Uncontrolled term Stakeholder.
Uncontrolled term Water Governance.
776 0# - ADDITIONAL PHYSICAL FORM ENTRY
International Standard Book Number 3038424471.
856 40 - ELECTRONIC LOCATION AND ACCESS
Uniform Resource Identifier <a href="https://directory.doabooks.org/handle/20.500.12854/62518">https://directory.doabooks.org/handle/20.500.12854/62518</a>
Link text TCD-affiliated readers may click here for access.
942 ## - ADDED ENTRY ELEMENTS (KOHA)
Source of classification or shelving scheme Dewey Decimal Classification
Koha item type Main
Holdings
Withdrawn status Lost status Source of classification or shelving scheme Damaged status Not for loan Collection code Home library Current library Shelving location Date acquired Serial Enumeration / chronology Total Checkouts Full call number Barcode Date last seen Date last checked out Price effective from Koha item type Total Renewals
    Dewey Decimal Classification     Main TEST RTC Library RTC Library Main opac 07/08/2023 177734 1 363.6 MEG c.1 30019049 16/10/2024 04/10/2024 07/08/2023 Main  
    Dewey Decimal Classification     Main TEST RTC Library RTC Library Main opac 07/08/2023 177733 1 363.6 MEG c.2 30019069 20/11/2023 08/08/2023 07/08/2023 Main 1
    Dewey Decimal Classification     Main TEST RTC Library RTC Library Main opac 07/08/2023 177732 1 363.6 MEG c.3 30019029 23/08/2023 22/08/2023 07/08/2023 Main  
    Dewey Decimal Classification     Main TEST RTC Library RTC Library Main opac 07/08/2023 177731   363.6 MEG c.4 30018991 07/08/2023   07/08/2023 Main  
Royal Thimphu College || All Right Reserved